000 00570cam a22001933a 4500
001 38636
003 PGUSA
005 20140828083842.0
008 120121s2012||||xxu|||||s|||||000 | eng d
040 _aPGUSA
_beng
042 _adc
245 1 0 _aDonahoe's Magazine, Volume XV, No. 3 :
_bVolume XV (Jan 1886-Jul 1886)
_h[electronic resource] /
_cVarious
260 _bProject Gutenberg,
_c2012
506 _aPublic domain in the USA.
516 _aElectronic text
830 0 _aProject Gutenberg
_v38636
856 4 0 _uhttp://www.gutenberg.org/ebooks/38636
942 _cEB
999 _c267890
_d267890